000 00547nam a22001817a 4500
003 GBCCL
005 20251112113641.0
008 251112b |||||||| |||| 00| 0 eng d
020 _a9788193259726
040 _cGBC
082 _a266
_bCAM 1
100 _aCampbell, Louis H
245 _aA resource manual for Arts in ministry and missions /
_cLouis H Campbell
260 _aBangalore :
_bTheological book trust,
_c2016
300 _a221 pages :
_billustrations, portraits ;
_c23 cm
650 _aChristianity and the arts
942 _2ddc
_cBK
_n0
999 _c11022
_d11022